00590nam a2200157Ia 4500008004100000020001800041050002000059100001900079245007100098260005400169300002600223650003100249700003800280952009700318999001700415120721s9999 xx 000 0 und d a968-26-0287-4 aQA551 F828 1981 aFuller, Gardon aGeometría analítica / Gordon Fuller, tr. Ignacio Ayala Zazueta aMéxico : Compañia Editorial Continental, 1981 a364 p. : il. ; 23 cm. a1. Geometría analítica aI. Ayala Zazueta, Ignacio, tr.Ì 00104070a08b08d2008-12-17l0oQA551 F828 1981p08 000589r2012-07-20t1w2012-07-20yLB c81745d81745